Introduction to Financial Services BBA 6th Sem (Record no. 6210)

MARC details
000 -LEADER
fixed length control field 00306nam a2200121Ia 4500
008 - FIXED-LENGTH DATA ELEMENTS--GENERAL INFORMATION
fixed length control field 191201s2014 xx 000 0 und d
100 ## - MAIN ENTRY--PERSONAL NAME
Personal name GUPTA, Shashi K
245 #0 - TITLE STATEMENT
Title Introduction to Financial Services BBA 6th Sem
260 ## - PUBLICATION, DISTRIBUTION, ETC. (IMPRINT)
Place of publication, distribution, etc N. Delhi
Name of publisher, distributor, etc Kalyani
Date of publication, distribution, etc 2014
300 ## - PHYSICAL DESCRIPTION
Extent Misc
650 ## - SUBJECT ADDED ENTRY--TOPICAL TERM
Topical term or geographic name as entry element BBA
942 ## - ADDED ENTRY ELEMENTS (KOHA)
Source of classification or shelving scheme Dewey Decimal Classification
Koha item type Text Books
Holdings
Withdrawn status Lost status Source of classification or shelving scheme Damaged status Not for loan Collection code Home library Current library Date acquired Source of acquisition Cost, normal purchase price Bill Number Total Checkouts Full call number Acc. no. / Barcode Date last seen Date last borrowed Actual Cost, discounted price Bill Date Koha item type Checked out
    Dewey Decimal Classification     BBA PIET C-LIBRARY PIET C-LIBRARY 02/06/2015 KIRTI PRAKASHAN, NEW DELHI 200.00 IN2168 5 332 GUI 25270 15/04/2025 01/04/2025 132.00 04/02/2015 Text Books  
    Dewey Decimal Classification     BBA PIET C-LIBRARY PIET C-LIBRARY 02/06/2015 KIRTI PRAKASHAN, NEW DELHI 200.00 IN2168 3 332 GUI 25271 24/03/2025 21/01/2025 132.00 04/02/2015 Text Books  
    Dewey Decimal Classification     BBA PIET C-LIBRARY PIET C-LIBRARY 02/06/2015 KIRTI PRAKASHAN, NEW DELHI 200.00 IN2168 8 332 GUI 25272 19/04/2025 10/04/2025 132.00 04/02/2015 Text Books  
    Dewey Decimal Classification     BBA PIET C-LIBRARY PIET C-LIBRARY 02/06/2015 KIRTI PRAKASHAN, NEW DELHI 200.00 IN2168 1 332 GUI 25273 06/11/2020 06/11/2020 132.00 04/02/2015 Text Books 20/11/2020

Design & Developed by: PIET Central Library
R70 Miles Stone Pattikalyana Samalkha Panipat 132102
mail ID :- [email protected], Phone No:- 0180-2569700 Ex.216